OPERATIONS AND SUPPLY CHAIN MANAGEMENT (Record no. 9732)
[ view plain ]
| 000 -LEADER | |
|---|---|
| fixed length control field | 00428nam a22001577a 4500 |
| 003 - CONTROL NUMBER IDENTIFIER | |
| control field | SGT |
| 020 ## - INTERNATIONAL STANDARD BOOK NUMBER | |
| International Standard Book Number | 9789339204105 |
| 082 ## - DEWEY DECIMAL CLASSIFICATION NUMBER | |
| Classification number | 658.5,CHA |
| 100 ## - MAIN ENTRY--PERSONAL NAME | |
| Personal name | CHASE, RICHARD B. |
| 245 ## - TITLE STATEMENT | |
| Title | OPERATIONS AND SUPPLY CHAIN MANAGEMENT |
| 260 ## - PUBLICATION, DISTRIBUTION, ETC. (IMPRINT) | |
| Place of publication, distribution, etc | NEW DELHI |
| Name of publisher, distributor, etc | MC GRAW HILL EDUCATION |
| Year of Publication | 2015 |
| 300 ## - PAGE DESCRIPTION | |
| No. of Pages | 934 |
| 650 ## - SUBJECT ADDED ENTRY--TOPICAL TERM | |
| Topical term or geographic name as entry element | MANAGEMENT |
| 653 ## - KEYWORDS--INDEX TERM | |
| Keyword term | PRODUCTS, AND CAPACITY, MANUFACTURING AND SERVICE PROCESSES, |
| 942 ## - ADDED ENTRY ELEMENTS (KOHA) | |
| Source of classification or shelving scheme | Dewey Decimal Classification |
| Koha item type | FCM Books |
| 942 ## - ADDED ENTRY ELEMENTS (KOHA) | |
| -- | 2 |
| Withdrawn status | Lost status | Source of classification or shelving scheme | Damaged status | Not for loan | Collection code | Home library | Current library | Shelving location | Date acquired | Vendor Name | Cost, normal purchase price | SGTU | Bill Number | Total Checkouts | Full call number | Accession No. (Barcode) | Date last seen | Date last borrowed | Bill Date | Koha item type |
|---|---|---|---|---|---|---|---|---|---|---|---|---|---|---|---|---|---|---|---|---|
| Dewey Decimal Classification | COMMERCE MANAGEMENT | SGT Science & Social Sciences Library | SGT Science & Social Sciences Library | On Display | 31/01/2017 | INDIAN PUBLISHERS & DISTRIBUTORS | 699.00 | SGTU | 117 | 2 | 658.5,CHA | CM3331 | 11/01/2024 | 02/01/2024 | 20/12/2016 | FCM Books | ||||
| Dewey Decimal Classification | COMMERCE MANAGEMENT | SGT Science & Social Sciences Library | SGT Science & Social Sciences Library | On Display | 06/02/2017 | INDIAN PUBLISHERS & DISTRIBUTORS | 699.00 | SGTU | 117 | 2 | 658.5,CHA | CM3330 | 22/03/2018 | 07/03/2018 | 20/12/2016 | FCM Books |